El médico a palos ; (Registro nro. 10246)

Detalles MARC
000 -LIDER
fixed length control field 01277nam a22003497a 4500
001 - NÚMERO DE CONTROL
Identificador de número de control 000062590
003 - IDENTIFICACDOR DE NÚMERO DE CONTROL
control field DO-SdBPM
005 - DATE AND TIME OF LATEST TRANSACTION
control field 20241129105204.0
007 - CAMPOS FIJOS DE DESCRIPCIÓN FÍSICA
fixed length control field 000062590
008 - ELEMENTOS DE LONGITUD FIJA
fixed length control field 160531b1987 sp 00| 0 spa d
020 ## - ISBN
International Standard Book Number 847166657X
040 ## - FUENTE DE CATALOGACIÓN
Agencia que crea de manera original el registro DO-SdBPM
Idioma de catalogación spa
Agencia que realiza la transcripción BPMSU
082 #4 - NÚMERO DE CLASIFICACIÓN DECIMAL DE DEWEY
Classification number 842.42
Item number M721m 1987
Edition number 22
100 1# - ASIENTO PRINCIPAL -- NOMBRE PERSONAL
Nombre personal Molière,
Fechas asociadas con el nombre 1622-1673.
240 10 - TITULO UNIFORME
Título uniforme Le médecin malgré lui.
Idioma de una obra Español.
245 13 - MENCIÓN DE TITULO
Título El médico a palos ;
Subtítulo Las mujeres sabihondas ; El enfermo imaginario /
Mención de responsabilidad Molière ; prólogo y cronología de Ángel García Pintado ; traducción de Enrique Azcoaga.
246 10 - VARIACION DEL TÍTULO
Título propiamente dicho o título corto Las Mujeres sabihondas
246 10 - VARIACION DEL TÍTULO
Título propiamente dicho o título corto El Enfermo imaginario
260 ## - PUBLICACIÓN, DISTRIBUCIÓN, ETC. (PIE DE IMPRENTA)
Lugar de publicación, distribución, etc Madrid :
Nombre del editor, distribuidor, etc. Edaf,
Fecha de publicación, distribución, etc 1987.
300 ## - DESCRIPCIÓN FÍSICA
Extensión 296 p. ;
Dimensiones 18 cm.
490 0# - MENCIÓN DE SERIES
Mención de serie Biblioteca Edaf de bolsillo,
Volume/sequential designation 132
505 0# - NOTA DE CONTENIDO
Título El médico a palos --
-- Las Mujeres sabihondas --
-- El Enfermo imaginario --
563 ## - INFORMACIÓN DE LA ENCUADERNACIÓN
Nota de la encuadernación Tres obras encuadernadas juntas con paginación continua
590 ## - NOTA LOCAL
Texto de la nota local Inventariado, 2024/VM
650 #4 - ENCABEZAMIENTO DE MATERIA--TEMÁTICO
Término temático o nombre geográfico como elemento de entrada Teatro francés
700 1# - ASIENTO SECUNDARIO -- NOMBRE PERSONAL
Nombre personal Azcoaga, Enrique,
Fechas asociadas con el nombre 1912-1985.
Mención de responsabilidad traductor
700 12 - ASIENTO SECUNDARIO -- NOMBRE PERSONAL
Nombre personal García Pintado, Ángel,
Fechas asociadas con el nombre 1940-
Mención de responsabilidad pról.
740 32 - ASIENTO SECUNDARIO DE TÍTULOS RELACIONADOS O ANALÍTICOS NO CONTROLADOS
Título analítico o relacionado no controlado Las mujeres Sabihondas
740 32 - ASIENTO SECUNDARIO DE TÍTULOS RELACIONADOS O ANALÍTICOS NO CONTROLADOS
Título analítico o relacionado no controlado El enfermo imaginario
910 ## - VALIDACIÓN
Validación VMateo V. Control de calidad. BPMSU
942 ## - ADDED ENTRY ELEMENTS (KOHA)
Source of classification or shelving scheme Dewey Decimal Classification
Koha item type Libros
Existencias
Withdrawn status Lost status Source of classification or shelving scheme Damaged status Not for loan Collection code Home library Current library Date acquired Source of acquisition Total Checkouts Full call number Barcode Date last seen Price effective from Koha item type Copy number
    Dewey Decimal Classification     Colección General Biblioteca Pública Metropolitana Salomé Ureña Biblioteca Pública Metropolitana Salomé Ureña 05/31/2016 Donación   BPMSU CG 842.42 M721m 1987 BPMSU16050478 05/31/2016 05/31/2016 Libros  
    Dewey Decimal Classification     Colección General Biblioteca Pública Metropolitana Salomé Ureña Biblioteca Pública Metropolitana Salomé Ureña 01/31/2018     BPMSU CG 842.42 M721m 1987 BPMSU18010091 01/31/2018 01/31/2018 Libros e.2